000 00761cab a2200229 4500
001 WB2811-31
008 090401t1992 xxu||||| |||| 00| 0 eng d
035 _a(Sirsi) u55761
041 _aeng
245 _aHelp for pub tenants
260 _c1992
350 _a0
490 _aTimes
_v6 March 1992, 25(1)
520 _aSheffield Enterprise Agency has developed a pilot scheme with the assistance of Bass to provide guidance for pub tenants as they move from tied status to running their public house as an independent business.
650 _aBUSINESS ADVICE
650 _aLICENSED PREMISES
650 _aTIED TENANCIES
690 _aLANDLORD AND TENANT-BUSINESS TENANCIES
690 _aLEISURE AND RECREATION
942 _n0
948 _c04/03/1997
999 _c34084
_d34084